| 000 | 00420pab a2200157 454500 | ||
|---|---|---|---|
| 008 | 180718b xxu||||| |||| 00| 0 eng d | ||
| 100 | _aWard, Clare | ||
| 245 | _aThe impact of early life course transitions on equality at work and home | ||
| 650 | _a Women | ||
| 650 | _a Family Income | ||
| 650 | _a Employment | ||
| 650 | _aIncome, Family | ||
| 700 | _aDale, Angela | ||
| 773 | _aSociological Review | ||
| 909 | _a22214 | ||
| 999 |
_c22214 _d22214 |
||